00968nam a2200277Ia 4500003000400000005001700004008004100021020001800062040001800080041000800098082002100106100003000127245002700157250001200184260004600196300003200242650003300274650002300307650004000330650005200370700002800422700002700450942003000477999001900507952016400526OSt20220207192337.0210716s2006 xx 000 0 und d a9788126510511 cAIMIT LIBRARY aeng a657.42 24bWEYJ aWeygandt, Jerry J.917453 aFinancial accounting / a4th ed. aNew Delhi :bWiley India Pvt Ltd ,c2006. axxxv,736,A32-I6p. ;c25.3cm aFinancial Accounting.917454 aInvestment.917455 aThe Statement of Cash Flows.917456 aAccounting for Merchandising Operation..917457 aKieso, Donald E.917458 aKimmel, Paul D.917459 2ddccBKe4thk657.48 WEYJ c205998d205998 00102ddc40708MBAaAIMITbAIMITd2010-12-15g499.00iBill no:ABK 507; Bill dt:1900-01l0o657.42 WEYJpMBA08564r2026-05-23 00:00:00v374.25w2021-07-16yBK